| 000 | 00556cam a2200205 4500 | ||
|---|---|---|---|
| 001 | J106938 | ||
| 008 | 000000n1999 000 0 eng u | ||
| 035 | _a(Sirsi) u106938 | ||
| 050 | _a333.337 | ||
| 110 |
_aWeatherall Green and Smith _92055 |
||
| 245 | _aRegional Rent Survey - Autumn 1999 | ||
| 260 |
_aLondon _bWeatherall Green and Smith _c1999 |
||
| 300 | _a4p ; 30cm | ||
| 650 | _aRENT | ||
| 650 | _aOFFICES | ||
| 650 | _aUNITED KINGDOM | ||
| 690 | _aPROPERTY-COMMERCIAL PROPERTY | ||
| 856 | _u http: // www.weatheralls.co.uk | ||
| 942 | _n0 | ||
| 999 |
_c100642 _d100642 |
||